=LDR 00000nam 2200000 4500 =001 NUTBA000000000003805 =005 20140828112024.0 =006 =007 =008 =020 ##$$a 979-789-236-x =035 ##$$a 0010-081400000000650 =040 ##$$a NBPDMAT =082 ##$$a 028.5 =084 ##$$a 028.5 Whi p =090 ##$$a 028.5 Whi p =100 ##$$a Whitcombe, Bobbie =245 ##$$a Paus dan Hiu / $c Bobbie Whitcombe =250 ##$$a Cet. 12 =260 ##$$a Jakarta : $b Penebar Swadaya, $c 2005 =300 ##$$a 21 hlm. ; $c 26 cm. =650 ##$$a Bacaan kanak-kanak =990 ##$$a 21408812 =990 ##$$a 0001/BPAP-NTB/20142014 =990 ##$$a 0001/BPAP-NTB/20142014 =990 ##$$a 0001/BPAP-NTB/20142014 =990 ##$$a 0001/BPAP-NTB/20142014 =990 ##$$a 0001/BPAP-NTB/20142014